[Event "43rd Guernsey Festival 2017"]
[Site "Vale"]
[Date "2017.10.16"]
[Round "2"]
[White "Nielsen, Jorgen Holmstrom"]
[Black "Goris-Schouwstra, Adry"]
[Result "1/2-1/2"]
[WhiteElo "1688"]
[BlackElo "1754"]
[Annotator "NA RC"]
[PlyCount "41"]
[EventDate "2017.??.??"]
[EventType "swiss"]
[EventCountry "GCI"]
[SourceTitle "playchess.com"]
[Source "ChessBase"]
[SourceQuality "1"]
[TimeControl "40/6000+30:2400+30"]

1. Nc3 {[%emt 0:00:00]} d5 {[%emt 0:00:30]} 2. e4 {[%emt 0:00:00]} d4 {[%emt 0:01:21]} 3. Nce2 {[%emt 0:00:02]} c5 {[%emt 0:01:08]} 4. Ng3 {[%emt 0:00:05]} Nc6 {[%emt 0:01:54]} 5. Bc4 {[%emt 0:00:58]} e6 {[%emt 0:04:43]} 6. d3 {[%emt 0:01:11]} a6 {[%emt 0:00:26]} 7. Bd2 {[%emt 0:02:59]} b5 {[%emt 0:03:33]} 8. Bb3 {[%emt 0:00:03]} Na5 {[%emt 0:02:31]} 9. Nf3 {[%emt 0:00:45]} Nf6 {[%emt 0:08:38]} 10. O-O {[%emt 0:00:37]} Be7 {[%emt 0:00:59]} 11. Ne5 {[%emt 0:04:29]} Nxb3 {[%emt 0:02:18]} 12. axb3 {[%emt 0:00:47]} Bb7 {[%emt 0:02:22]} 13. f4 {[%emt 0:02:30]} h5 {[%emt 0:06:46]} 14. h3 {[%emt 0:06:16]} h4 {[%emt 0:02:09]} 15. Nh1 {[%emt 0:00:40]} Nd7 {[%emt 0:02:29]} 16. Nxd7 {[%emt 0:05:42]} Qxd7 {[%emt 0:00:15]} 17. Nf2 {[%emt 0:00:42]} Qc6 {[%emt 0:08:06]} 18. Ng4 {[%emt 0:07:05]} f6 {[%emt 0:01:19]} 19. Qe2 {[%emt 0:09:08]} Rc8 {[%emt 0:03:33]} 20. Nh2 {[%emt 0:01:32]} O-O {[%emt 0:04:41]} 21. Nf3 {[%emt 0:01:02]} 1/2-1/2

[Event "43rd Guernsey Festival 2017"]
[Site "Vale"]
[Date "2017.10.16"]
[Round "2"]
[White "Rowe, Oliver"]
[Black "Purdon, Colin"]
[Result "0-1"]
[WhiteElo "1634"]
[BlackElo "2047"]
[Annotator "NA RC"]
[PlyCount "60"]
[EventDate "2017.??.??"]
[EventType "swiss"]
[EventCountry "GCI"]
[SourceTitle "playchess.com"]
[Source "ChessBase"]
[SourceQuality "1"]
[TimeControl "40/6000+30:2400+30"]

{[%evp 11,60,0,4,0,0,0,9,4,32,24,40,33,29,0,12,20,22,15,38,22,31,0,0,0,6,6,20,0,58,63,71,59,58,41,57,-23,0,-534,-510,-473,-479,-533,-548,-719,-783,-812,-741,-630,-746,-29984,-29973]} 1. d4 {[%emt 0:00:00]} Nf6 {[%emt 0:00:10]} 2. Bf4 {[%emt 0:00:00]} c5 {[%emt 0:00:24]} 3. e3 {[%emt 0:00:00]} e6 {[%emt 0:00:27]} 4. c3 {[%emt 0:00:19]} b6 {[%emt 0:01:27]} 5. Nf3 {[%emt 0:03:48]} Bb7 {[%emt 0:00:44]} 6. Be2 {[%emt 0:04:36]} Be7 {[%emt 0:01:09] A47: 1 d4 Nf6 2 Nf3 b6: Torre, London and Colle Systems} 7. h3 {[%emt 0:03:22]} O-O {[%emt 0:02:14]} 8. O-O {[%emt 0:01:44]} d6 {[%emt 0:06:59]} 9. Nbd2 {[%emt 0:09:57]} (9. a4 a6 10. Bh2 Nbd7 11. Qb3 Qc7 12. Na3 Bc6 13. Rfd1 Rfd8 {0-1 (90) Kamsky,G (2762)-Ivanchuk,V (2766) Beijing 2012}) 9... cxd4 {[%emt 0:10:19] LiveBook: 4 Games} 10. cxd4 {[%emt 0:05:34]} Nd5 {[%emt 0:01:27]} 11. Bh2 {[%emt 0:04:15]} f5 {[%emt 0:02:09]} 12. Ne1 $146 {[%emt 0:09:55]} ({Predecessor:} 12. Rc1 Nd7 13. Qb3 N7f6 14. Ng5 {0-1 (42) Tessedik,K (1930)-Goczo,M (2262) Szombathely 2003}) 12... Nf6 {[%emt 0:19:51]} 13. Qb3 {[%emt 0:05:27]} Bd5 {[%emt 0:02:19]} 14. Bc4 {[%emt 0:00:33]} Nc6 {[%emt 0:00:46]} 15. Bxd5 {[%emt 0:02:03]} Nxd5 {[%emt 0:02:24]} 16. Nc4 {[%emt 0:01:30]} Qd7 {[%emt 0:05:05]} 17. Nd3 {[%emt 0:06:26]} Kh8 {[%emt 0:08:47]} 18. Rfc1 {[%emt 0:11:43]} Rac8 {[%emt 0:07:43]} 19. a4 {[%emt 0:10:50]} f4 {[%emt 0:04:03]} ({Black should try} 19... g5 $11) 20. Nxf4 {[%emt 0:09:40]} Nxf4 {[%emt 0:04:23]} 21. Bxf4 {[%emt 0:00:16]} Nxd4 {[%emt 0:02:51]} 22. Qd3 {[%emt 0:03:16]} Nf5 {[%emt 0:02:50]} 23. g4 {[%emt 0:02:10]} (23. e4 $14 Nd4 24. Qxd4 Rxf4 25. Ne5) 23... Nh4 {[%emt 0:00:40]} 24. Qd1 $2 {[%emt 0:05:03]} (24. Nd2 $15) 24... Qb7 {[%emt 0:02:05]} 25. Kf1 {[%emt 0:02:25]} Qg2+ {[%emt 0:01:34]} 26. Ke2 {[%emt 0:00:39]} Qxh3 {[%emt 0:01:22]} 27. Nxd6 {[%emt 0:01:06]} Qxg4+ {[%emt 0:01:51]} 28. Kf1 {[%emt 0:00:37]} Qg2+ {[%emt 0:01:25]} 29. Ke2 {[%emt 0:00:16]} Rcd8 {[%emt 0:01:42]} 30. Nc8 {[%emt 0:04:52]} Rxd1 0-1

[Event "43rd Guernsey Festival 2017"]
[Site "Vale"]
[Date "2017.10.17"]
[Round "3"]
[White "Le Roux, Jean-Pierre"]
[Black "Timmermans, Ivo"]
[Result "1-0"]
[WhiteElo "2554"]
[BlackElo "2126"]
[Annotator "TA"]
[PlyCount "33"]
[EventDate "2017.??.??"]
[EventType "swiss"]
[EventCountry "GCI"]
[SourceTitle "playchess.com"]
[Source "ChessBase"]
[SourceQuality "1"]

{[%evp 6,6,23]} 1. e4 e5 2. Bc4 Nf6 3. d3 Nc6 {Predecessor:} 4. Nf3 $146 Be7 5. O-O O-O 6. Bb3 d6 7. c3 Be6 8. Re1 Qd7 9. Nbd2 Rab8 10. Bc2 d5 11. h3 h6 12. exd5 Nxd5 13. Nxe5 Nxe5 14. Rxe5 Bd6 15. Re1 Bxh3 16. gxh3 Qxh3 17. Nf1 {0-1 (36) Carlsen,M (2822)-Bu,X (2710) Tbilisi 2017} 1-0

[Event "43rd Guernsey Festival 2017"]
[Site "Vale"]
[Date "2017.10.17"]
[Round "3"]
[White "Enkhtuul, Altan-Ulzii"]
[Black "Prins, Jan"]
[Result "0-1"]
[WhiteElo "2327"]
[BlackElo "2025"]
[Annotator "TA"]
[PlyCount "136"]
[EventDate "2017.??.??"]
[EventType "swiss"]
[EventCountry "GCI"]
[SourceTitle "playchess.com"]
[Source "ChessBase"]
[SourceQuality "1"]

{[%evp 10,136,14,0,18,0,16,0,0,0,58,58,64,56,57,50,54,58,50,48,58,43,45,42,47,39,56,47,65,60,78,72,75,61,69,57,63,0,0,0,68,64,56,8,82,12,15,0,34,0,0,-58,-31,-48,0,0,0,-8,-8,-8,-9,-69,-69,-69,-69,-70,-70,-64,-38,-41,-45,-56,-39,-39,-24,-39,-49,-583,-565,-1828,-1925,-1674,-1197,-5210,-4738,-29958,-29958,-11957,-8144,-11957,-6548,-3604,-1014,-29978,-29974,-29979,-29980,-29980,-29981,-29981,-29980,-29980,-29981,-29984,-29985,-29985,-29985,-29985,-29986,-29986,-29987,-29987,-29988,-29988,-29989,-29989,-29990,-29990,-29991,-29991,-29992,-29992,-29993,-29994,-29995,-29996,-29997,-29997,-29998]} 1. d4 d5 2. g3 c6 3. Bg2 Nf6 4. Nd2 Bf5 5. Ngf3 e6 6. O-O {LiveBook: 94 Games} Qb6 {D02: 1 d4 d5 2 Nf3 sidelines, including 2...Nf6 3 g3 and 2...Nf6 3 Bf4} (6... Be7 7. Nh4 Bg4 8. h3 Bh5 9. g4 Bg6 10. Nxg6 hxg6 11. c3 Nbd7 12. f4 Qc7 13. e3 O-O 14. Rf2 c5 {0-1 (50) Maze,S (2572)-Tregubov,P (2571) Montpellier 2015}) 7. c3 Nbd7 8. a4 $146 ({Predecessor:} 8. Nh4 Bg6 9. Nxg6 hxg6 10. e4 dxe4 11. Nxe4 Nxe4 12. Bxe4 Nf6 13. Bg2 {½-½ (20) Jaszczowski,Z (884)-Hoeber,M (939) LSS email 2012}) 8... a5 {The position is equal.} 9. Nh4 Bg6 (9... Bg4 $11) 10. Nxg6 $14 hxg6 11. e4 dxe4 12. Nxe4 Nxe4 13. Bxe4 Nf6 14. Bg2 Be7 15. Qe2 O-O 16. Bg5 Rfe8 17. h4 Qd8 18. Rad1 Nd5 19. Bc1 Bf6 20. Rfe1 Qd7 21. Qg4 b5 22. axb5 cxb5 23. Be4 (23. Qh3 $1 $14) 23... Rac8 24. Bd3 Qc6 (24... Red8 $11) 25. Qe2 Rb8 26. Qf3 a4 {[#]} (26... b4 $11) 27. Be4 (27. g4 $1 $16) 27... Qc4 28. Kg2 Red8 29. Rh1 {Black must now prevent h5.} b4 {[%cal Rb4c3]} 30. cxb4 ({Better is} 30. Bd3 $11 Qb3 31. c4) 30... Rxb4 $15 31. h5 gxh5 32. Rxh5 Kf8 33. Bd2 Rb3 34. Bxd5 $1 Rxd5 35. Be3 ({Reject} 35. Rh8+ Ke7 $17) (35. Bc3 $11) 35... Rxh5 36. Qxh5 Qd5+ 37. Qxd5 exd5 {[%mdl 4096] Endgame KRB-KRB} 38. Rd2 Rb4 39. Kf3 Ke7 40. g4 {And now g5 would win.} g6 41. Ke2 Kd6 42. Bf4+ Kc6 43. Rc2+ $2 {[%mdl 8192] [#]} (43. Be3 $1 $15) 43... Rc4 $1 $19 {[%cal Rc4c2]} 44. Kd3 Rxc2 45. Kxc2 Bxd4 {KB-KB} 46. f3 Kc5 47. Bb8 Kc4 48. Bd6 Bb6 49. f4 Ba5 50. Be5 d4 {[%cal Bd5d4,Bd4d3][%mdl 32]} 51. f5 gxf5 {Black mates.} 52. gxf5 Kd5 53. Bg7 Ke4 54. Kd1 Bc7 55. Ke2 d3+ 56. Kf2 Bb6+ 57. Ke1 Kxf5 58. Kd2 Ke4 59. Bf8 Bd4 60. Kc1 f5 61. Ba3 f4 62. Bd6 f3 63. Bg3 f2 64. Bxf2 Bxf2 65. Kd2 Bd4 66. Kc1 Ke3 67. b4 Ke2 68. Kb1 d2 {Precision: White = 35%, Black = 68%.} 0-1

[Event "43rd Guernsey Festival 2017"]
[Site "Vale"]
[Date "2017.10.17"]
[Round "3"]
[White "Jackson, Oliver A"]
[Black "Kirby, Peter J."]
[Result "1-0"]
[WhiteElo "2168"]
[BlackElo "1996"]
[Annotator "TA"]
[PlyCount "67"]
[EventDate "2017.??.??"]
[EventType "swiss"]
[EventCountry "GCI"]
[SourceTitle "playchess.com"]
[Source "ChessBase"]
[SourceQuality "1"]

{[%evp 14,67,7,9,17,8,8,0,12,-7,0,-28,0,-7,10,12,10,15,42,40,46,33,200,120,102,109,128,9,31,26,48,30,41,41,41,33,65,65,103,124,512,529,554,554,776,779,753,765,875,861,1202,962,1670,1368,5633,5606]} 1. e4 c5 2. Nc3 e6 3. f4 d5 4. Nf3 dxe4 5. Nxe4 Nf6 6. Nxf6+ {B21: Sizilianisch (Morra-Gambit 2.d4 und 2.f4)} Qxf6 7. g3 Nc6 8. Bg2 {LiveBook: 9 Partien. Die Stellung ist ausgeglichen.} g6 9. O-O Bg7 10. d3 O-O 11. c3 Qe7 12. Qe2 Rb8 13. Be3 Rd8 {[#]} 14. Ng5 $146 Bd7 15. g4 {[%cal Bg3g4,Bg4f5][%mdl 32]} f6 16. Ne4 b6 17. Rae1 e5 $2 {[#]} ({Günstiger ist} 17... Rbc8 $14) 18. f5 gxf5 19. gxf5 Kh8 20. Ng3 (20. Qh5 $16) 20... Qf7 21. b3 Ne7 22. Be4 Bc6 23. Rf2 Rg8 24. Rg2 Nd5 25. Bd2 Nf4 26. Bxf4 $1 Bxe4 $4 {[%mdl 8192]} (26... exf4 $16 {ist zäher.} 27. Bxc6 fxg3) 27. Nxe4 $18 {Weiß steht klar auf Gewinn.} ({Weniger gut wäre} 27. Qxe4 exf4 28. Qxf4 Rbd8 $16) 27... exf4 {[#]} 28. Nd6 $1 {[%cal Rd6f7]} Qf8 29. Qe6 h6 30. Qd7 Kh7 31. Re7 Rd8 32. Qe6 a5 33. a4 f3 34. Rg6 {Precision: Weiß = 60%, Schwarz = 21%.} 1-0

[Event "43rd Guernsey Festival 2017"]
[Site "Vale"]
[Date "2017.10.17"]
[Round "3"]
[White "Mack, Wolfgang"]
[Black "Hewson, Brian W R"]
[Result "1-0"]
[WhiteElo "2149"]
[BlackElo "1995"]
[Annotator "TA"]
[PlyCount "83"]
[EventDate "2017.??.??"]
[EventType "swiss"]
[EventCountry "GCI"]
[SourceTitle "playchess.com"]
[Source "ChessBase"]
[SourceQuality "1"]

{[%evp 23,83,16,24,0,0,7,18,-22,0,0,0,0,0,0,4,0,0,-28,10,0,0,0,15,10,49,9,18,21,22,-10,-4,0,0,0,0,0,0,0,0,0,0,0,0,0,42,40,46,32,79,77,102,102,92,91,133,112,123,120,157,154,144,113]} 1. c4 e5 2. g3 Nf6 3. Bg2 d5 4. cxd5 Nxd5 5. Nc3 Nb6 6. Nf3 Nc6 7. O-O Be7 8. a3 a5 9. d3 O-O 10. Be3 Be6 11. Rc1 Nd5 12. Nxd5 Bxd5 13. Bc5 {A29: English Opening: Four Knights Variation with 4 g3} (13. Qa4 Rb8 14. Bc5 Bd6 15. Rfd1 Qe7 16. Qb5 Bxc5 17. Qxc5 Qxc5 18. Rxc5 Rfd8 19. Rdc1 f6 20. Nd2 Bxg2 21. Kxg2 {½-½ (83) Belous,V (2564)-Arribas Lopez,A (2511) chess.com INT 2017}) 13... Re8 {[%cal Bf8e8,Be8e7,Be7d7,Bd7d6][%mdl 32]} 14. Bxe7 Rxe7 15. Re1 {The position is equal.} Rd7 $146 ({Predecessor:} 15... Qd7 16. Qa4 Rd8 17. Ng5 Bxg2 18. Kxg2 Qd5+ 19. Qe4 Qxe4+ 20. Nxe4 Nd4 {½-½ (28) Overeem,M (2261)-Van den Berg,I (2104) Groningen 2007}) 16. Qa4 Ra6 17. Rc5 g6 18. Rb5 Rb6 19. Rxb6 cxb6 20. Kf1 Rd6 (20... Bxf3 $5 21. Bxf3 Nd4 $11) 21. Rc1 Qe7 22. Nd2 {[%cal Bf3d2,Bd2e4,Be4c3,Bc3b5][%mdl 32]} Bxg2+ 23. Kxg2 Qg5 24. Qd1 {aiming for Ne4.} Qd8 25. Ne4 Rd4 26. Kg1 Kg7 27. Nc3 h5 28. Nb5 Rd5 29. Qb3 h4 30. Rc4 $36 {[%mdl 2048] White has good play.} hxg3 31. hxg3 Nd4 32. Nxd4 exd4 $11 {[%mdl 4096] Endgame KQR-KQR} 33. Qc2 Rd7 34. b4 Qe7 35. Qb2 Qf6 36. Kf1 g5 37. bxa5 bxa5 38. Qb5 Re7 39. Qd5 Qe5 40. Qxd4 b5 41. Qxe5+ Rxe5 42. Rc6 {Precision: White = 68%, Black = 53%.} 1-0

[Event "43rd Guernsey Festival 2017"]
[Site "Vale"]
[Date "2017.10.17"]
[Round "3"]
[White "Dilleigh, Stephen P"]
[Black "Van Dijk, Bram"]
[Result "1-0"]
[WhiteElo "2063"]
[BlackElo "1999"]
[Annotator "NA RC"]
[PlyCount "101"]
[EventDate "2017.??.??"]
[EventType "swiss"]
[EventCountry "GCI"]
[SourceTitle "playchess.com"]
[Source "ChessBase"]
[SourceQuality "1"]
[TimeControl "40/6000+30:2400+30"]

{[%evp 8,101,28,32,61,63,68,84,57,56,84,59,69,63,69,50,53,62,32767,76,82,58,64,41,31,28,52,32,50,46,45,52,82,62,84,58,247,68,52,64,77,78,83,81,83,53,90,67,93,98,97,80,112,118,106,91,186,168,190,181,381,343,389,400,483,217,225,221,247,203,1083,447,390,485,495,531,437,498,723,592,693,435,476,429,388,522,475,464,574,647,688,991,820,462,897,5052]} 1. Nf3 {[%emt 0:00:00]} d5 {[%emt 0:01:42]} 2. d4 {[%emt 0:00:00]} c6 {[%emt 0:00:14]} 3. c4 {[%emt 0:00:00]} Nf6 {[%emt 0:00:07]} 4. Nc3 {[%emt 0:00:07]} dxc4 {[%emt 0:00:21]} 5. a4 {[%emt 0:00:08]} Bg4 {[%emt 0:00:24]} 6. Ne5 $1 {[%emt 0:00:15]} Bh5 {[%emt 0:00:41] [#]} 7. f3 $1 {[%emt 0:00:28]} Nfd7 {[%emt 0:13:31]} 8. Nxc4 {[%emt 0:00:34] D16: Slav Defence: 5 a4: Lines with 5...Bg4 and 5...Na6} e6 {[%emt 0:01:11]} (8... e5 9. Be3 Na6 10. g3 f6 11. dxe5 Nxe5 12. Qxd8+ Kxd8 13. Nxe5 fxe5 14. Bh3 Kc7 15. Rc1 b6 16. Bf5 Bf7 17. Kf2 {1-0 (39) Aronian,L (2781)-Jobava,B (2668) Reykjavik 2015}) 9. e4 {[%emt 0:04:55]} Bb4 {[%emt 0:03:23]} 10. Be3 {[%emt 0:06:29]} Qe7 $146 {[%emt 0:15:41]} ({Predecessor:} 10... a5 11. Be2 Qe7 12. O-O O-O 13. Na2 f6 14. Nxb4 axb4 15. Qd2 Bf7 {1-0 (37) Demina,J (2368)-Ignatiev,A (2302) St Petersburg 2000}) 11. Be2 {[%emt 0:09:27]} Nb6 {[%emt 0:09:58]} 12. O-O {[%emt 0:08:59]} N8d7 {[%emt 0:00:32]} 13. a5 {[%emt 0:05:33]} Nxc4 {[%emt 0:01:11]} 14. Bxc4 {[%emt 0:00:14]} O-O {[%emt 0:02:09]} 15. Qe2 {[%emt 0:12:06]} Rac8 {[%emt 0:11:00]} 16. Rfd1 {[%emt 0:07:27]} Nf6 {[%emt 0:07:48]} 17. Qf2 {[%emt 0:06:37]} Rfd8 {[%emt 0:02:20]} 18. a6 {[%emt 0:04:54]} b6 {[%emt 0:01:37]} 19. Na2 {[%emt 0:04:47]} Ne8 {[%emt 0:02:56]} 20. Nxb4 {[%emt 0:01:06]} Qxb4 {[%emt 0:00:27]} 21. Bf1 {[%emt 0:01:50]} Nd6 $2 {[%emt 0:10:30] [#]} ({Better is} 21... f6 $14) 22. Qd2 $2 {[%emt 0:06:44]} (22. Qh4 $1 $18) 22... Qxd2 {[%emt 0:01:37]} 23. Rxd2 {[%emt 0:00:10]} f6 {[%emt 0:01:51]} 24. Rc1 {[%emt 0:02:43]} Be8 {[%emt 0:04:38]} 25. b4 {[%emt 0:01:28]} h6 {[%emt 0:00:44]} 26. g3 {[%emt 0:03:40]} Kf7 {[%emt 0:00:28]} 27. Rdc2 {[%emt 0:03:44]} Ke7 {[%emt 0:04:55]} 28. Kf2 {[%emt 0:01:06]} Bd7 {[%emt 0:00:46]} 29. Bd3 {[%emt 0:03:47]} e5 {[%emt 0:01:43]} 30. dxe5 {[%emt 0:01:19]} fxe5 {[%emt 0:00:05]} 31. Ke2 {[%emt 0:00:40]} Nb5 {[%emt 0:03:38]} (31... g5 $16) 32. Bxb5 $1 {[%emt 0:03:18]} cxb5 {[%emt 0:00:06]} 33. Rc7 {[%emt 0:00:43]} Ra8 $2 {[%emt 0:04:21]} (33... Rxc7 $16 {keeps fighting.} 34. Rxc7 Ra8) 34. Rd1 {[%emt 0:01:44]} Ke6 {[%emt 0:02:38]} 35. Rd2 {[%emt 0:01:54]} g5 {[%emt 0:00:12]} 36. f4 {[%emt 0:02:18]} (36. h4 $142) 36... gxf4 {[%emt 0:01:36]} 37. gxf4 {[%emt 0:00:06]} exf4 {[%emt 0:00:52]} 38. Bxf4 {[%emt 0:00:16]} Rac8 $2 {[%emt 0:00:01]} (38... Be8 39. Rxd8 (39. Bxh6 Rdc8 $16) 39... Rxd8 40. Rxa7 Rd4) 39. Rxa7 {[%emt 0:03:51]} (39. Rd6+ $142 Ke7 {[#]} 40. Rdxd7+ $1 {[%mdl 512]} Rxd7 41. Rxc8) 39... Bc6 {[%emt 0:00:48]} 40. Rxd8 {[%emt 0:02:41]} Rxd8 {[%emt 0:40:06]} 41. Ke3 {[%emt 0:04:31]} h5 {[%emt 0:00:00]} 42. Rh7 {[%emt 0:02:52]} Rd1 {[%emt 0:00:00]} 43. Bg3 {[%emt 0:01:09]} Rc1 {[%emt 0:00:00]} 44. Rh6+ {[%emt 0:04:19]} Kd7 {[%emt 0:00:00]} 45. a7 {[%emt 0:03:58]} Ba8 {[%emt 0:00:00]} 46. Rh8 {[%emt 0:07:12]} Rc8 {[%emt 0:00:00]} 47. Rh7+ {[%emt 0:03:32]} Ke6 {[%emt 0:00:00]} 48. Rxh5 {[%emt 0:01:06]} Rc3+ {[%emt 0:00:00]} 49. Kf4 {[%emt 0:01:44]} Rc4 {[%emt 0:00:39]} 50. Re5+ {[%emt 0:03:28]} Kf6 {[%emt 0:00:33]} (50... Kd7 $142 51. h4 Rc8) 51. Re8 $18 {[%emt 0:01:14]} 1-0

[Event "43rd Guernsey Festival 2017"]
[Site "Vale"]
[Date "2017.10.17"]
[Round "3"]
[White "Purdon, Colin"]
[Black "Hillarp Persson, Tiger"]
[Result "0-1"]
[WhiteElo "2047"]
[BlackElo "2517"]
[Annotator "TA"]
[PlyCount "102"]
[EventDate "2017.??.??"]
[EventType "swiss"]
[EventCountry "GCI"]
[SourceTitle "playchess.com"]
[Source "ChessBase"]
[SourceQuality "1"]

{[%evp 24,102,34,35,52,32,32,32,36,36,30,27,52,58,45,34,32,27,29,0,0,0,0,0,0,-35,-33,-40,0,0,0,0,0,0,0,-79,-88,-89,-95,-86,0,-116,-106,-141,-144,-133,-122,-391,-385,-381,-383,-350,-164,-286,-302,-302,-306,-251,-267,-375,-318,-462,-419,-458,-473,-29971,-29973,-29971,-29973,-5712,-5102,-29973,-29973,-29969,-29973,-29978,-29979,-29989,-5202,-29981,-29982]} 1. d4 Nf6 2. c4 c5 3. d5 e6 4. Nc3 exd5 5. cxd5 d6 6. Nf3 g6 7. Nd2 Bg7 8. e4 O-O 9. Be2 Nbd7 10. O-O Re8 11. Re1 a6 12. a4 b6 {A77: Modern Benoni: Classical: 9...Re8 10 Nd2: 10...a6 and 10...Nbd7} (12... Rb8 13. h3 Qc7 14. Qc2 h6 15. Ra3 g5 16. Nf1 Ne5 17. f4 gxf4 18. Bxf4 Ng6 19. Bh2 c4 20. a5 b5 {0-1 (39) Navara,D (2734)-Akopian,V (2648) Berlin 2015}) 13. Qc2 {LiveBook: 3 Games} Rb8 14. Nc4 Ne5 {White is slightly better.} 15. Nxe5 Rxe5 16. Bf4 Re8 17. h3 $146 ({Predecessor:} 17. Bf3 Qc7 18. Rad1 Nd7 19. Be2 Ne5 20. Bg3 {0-1 (47) Traore,B (2178)-Haddouche,M (2529) Hammamet 2015}) 17... Nh5 18. Bxh5 gxh5 19. Qe2 Qf6 20. Bh2 Qg6 21. Qf3 b5 22. axb5 axb5 23. Qg3 {Qxg6 is the strong threat.} b4 24. Qxg6 ({Reject} 24. Qxd6 Qxd6 25. Bxd6 bxc3 $17) 24... hxg6 25. Na4 $1 ({But not} 25. Bxd6 bxc3 26. bxc3 Rb3 $19) 25... Be5 (25... Rd8 {keeps more tension.} 26. Nxc5 Bxb2 27. Rab1 Bd4 28. Nb3 Bc3) 26. Bxe5 Rxe5 27. f4 Re7 28. b3 Ra7 29. Nb2 (29. Kf2 $11) 29... Ra3 $1 $17 30. Nc4 Rxb3 31. Nxd6 {[#]} Rd3 (31... Rc3 $1 $17) 32. Rec1 (32. Reb1 $11 {remains equal.}) 32... b3 33. Rxc5 Ba6 {Hoping for ...b2.} 34. Rb1 b2 {Threatens to win with ...Ra3.} 35. Ra5 $2 {[%mdl 8192]} (35. Rc2 $17 {was the only defense.} Rdb3 36. Rd2) 35... Rc3 $19 {White must now prevent ...Rc1+.} 36. Rxb2 Rxb2 37. Rxa6 {[%mdl 4096] Endgame KRR-KRN} Rc1+ 38. Kh2 Rcc2 39. Kg3 Rxg2+ 40. Kf3 Rh2 {[%cal Rh2h3]} 41. Ke3 (41. Kg3 $142 Rbf2 42. Ra8+ Kg7 43. h4 Rhg2+ 44. Kh3 Rh2+ 45. Kg3) 41... Rb4 42. Ra8+ {[#]} (42. f5 $142 g5 43. h4 Rh3+ 44. Kf2 gxh4 45. Ra8+ Kg7 46. Ra1) 42... Kg7 $1 43. f5 Kf6 44. Ra7 (44. fxg6 $19 fxg6 45. Kf4 g5+ 46. Kg3) 44... Rxh3+ 45. Kf2 Rb2+ 46. Kg1 Rg3+ 47. Kh1 Rc3 {[%cal Rc3c1]} 48. Ra1 Rcc2 49. fxg6 fxg6 50. Re1 Re2 (50... h4 $142 51. e5+ Kg5 52. Ne4+ Kf4 53. Nc5 Rh2+ 54. Kg1 Rbg2+ 55. Kf1 Kf3 56. Re3+ Kxe3 57. Ne4 Kxe4 58. d6 Kf3 59. e6 Rh1#) 51. e5+ Kxe5 {Precision: White = 32%, Black = 84%.} 0-1

[Event "43rd Guernsey Festival 2017"]
[Site "Vale"]
[Date "2017.10.17"]
[Round "3"]
[White "Sielicki, Tomasz"]
[Black "Hoogland, Dirk"]
[Result "0-1"]
[WhiteElo "1997"]
[BlackElo "2098"]
[Annotator "NA RC"]
[PlyCount "74"]
[EventDate "2017.??.??"]
[EventType "swiss"]
[EventCountry "GCI"]
[SourceTitle "playchess.com"]
[Source "ChessBase"]
[SourceQuality "1"]
[TimeControl "40/6000+30:2400+30"]

{[%evp 8,73,17,6,6,-6,-3,-2,7,-20,4,6,0,-37,-43,-48,-39,-72,0,-15,12,0,68,70,67,73,58,59,67,47,45,-9,-9,-27,69,0,0,-264,-55,-278,-291,-287,-243,-249,-183,-194,-185,-206,-163,-814,-894,-837,-872,-943,-912,-954,-945,-909,-1082,-1138,-977,-29990,-29991,-29991,-29992,-29998,-29999,-29999]} 1. d4 {[%emt 0:00:00]} Nf6 {[%emt 0:00:06]} 2. Bf4 {[%emt 0:00:00]} e6 {[%emt 0:01:05]} 3. Nf3 {[%emt 0:00:00]} b6 {[%emt 0:01:08]} 4. e3 {[%emt 0:01:08]} d5 {[%emt 0:02:11]} 5. Nbd2 {[%emt 0:01:18]} Bd6 {[%emt 0:00:30]} 6. Bg3 {[%emt 0:00:47]} O-O {[%emt 0:00:42]} 7. Bd3 {[%emt 0:01:43]} c5 {[%emt 0:00:25] D02: 1 d4 d5 2 Nf3 sidelines, including 2...Nf6 3 g3 and 2...Nf6 3 Bf4} 8. c3 {[%emt 0:00:20]} a5 {[%emt 0:03:37]} (8... Ba6 9. Bxa6 Nxa6 10. Qe2 Nc7 11. Ne5 cxd4 12. cxd4 Ne4 13. Nd3 Qe7 14. Bxd6 Qxd6 {½-½ (30) Iturrizaga Bonelli,E (2652)-Adams,M (2751) Caleta 2017}) 9. Ne5 {[%emt 0:03:48]} Ba6 {[%emt 0:01:28]} 10. Bc2 {[%emt 0:06:20]} Qc7 {[%emt 0:03:06]} 11. f4 {[%emt 0:02:48]} Nbd7 {[%emt 0:04:04]} 12. Bh4 $146 {[%emt 0:04:35]} ({Predecessor:} 12. Ndf3 cxd4 13. exd4 Ne4 14. Bxe4 dxe4 {0-1 (32) Shapfiullin,R (1865)-Kluev,V (2081) Nizhny Novgorod 2015}) 12... Rac8 {[%emt 0:03:31]} (12... cxd4 $17 13. cxd4 Rac8) 13. Qf3 {[%emt 0:14:46]} cxd4 {[%emt 0:11:47]} 14. exd4 {[%emt 0:00:27]} Ne4 {[%emt 0:05:52]} (14... Ne8 $11) 15. Nxe4 {[%emt 0:02:26]} dxe4 {[%emt 0:00:11]} 16. Qxe4 {[%emt 0:05:27]} f5 {[%emt 0:00:58]} 17. Qf3 {[%emt 0:08:09]} Nf6 {[%emt 0:08:04]} 18. Bb3 {[%emt 0:06:09]} Rce8 {[%emt 0:04:21]} 19. O-O-O {[%emt 0:06:25]} Bb7 {[%emt 0:03:37]} 20. Qe2 {[%emt 0:04:49]} Ne4 {[%emt 0:01:44]} ({Black should try} 20... Nd5 $15) 21. Ba4 {[%emt 0:12:39]} (21. Be1 $14) 21... Rc8 {[%emt 0:14:08]} 22. Bc2 $2 {[%emt 0:09:16] [#]} (22. Kb1 $11) 22... Qxc3 $2 {[%emt 0:16:51]} ({Better is} 22... Nxc3 $1 $19 23. bxc3 Qxc3) 23. Rd3 $2 {[%emt 0:07:25]} ({Not} 23. Qxe4 $2 Ba3 $19) (23. Kb1 $17 {was worth a try.} Bxe5 24. dxe5) 23... Qc7 {[%emt 0:00:37]} 24. Kb1 {[%emt 0:02:00]} Ba6 {[%emt 0:00:21]} 25. Bb3 {[%emt 0:01:58]} Bxd3+ {[%emt 0:02:04]} 26. Qxd3 {[%emt 0:00:12]} Rfe8 {[%emt 0:01:35]} 27. g4 {[%emt 0:00:38]} Bxe5 {[%emt 0:07:03]} 28. gxf5 $2 {[%emt 0:00:29]} (28. fxe5 Kh8 29. Rd1) 28... Bxf4 {[%emt 0:01:35]} 29. a3 {[%emt 0:02:00]} Nd2+ {[%emt 0:00:22]} 30. Ka1 {[%emt 0:01:12]} Nxb3+ {[%emt 0:00:22]} 31. Qxb3 {[%emt 0:00:04]} Qc6 {[%emt 0:01:42]} 32. Rf1 {[%emt 0:00:37]} a4 {[%emt 0:00:39]} 33. Qd3 {[%emt 0:02:07]} Qg2 {[%emt 0:02:21]} 34. Rxf4 {[%emt 0:02:47]} Rc1+ {[%emt 0:00:07]} 35. Ka2 {[%emt 0:00:03]} Qg1 {[%emt 0:00:09]} 36. b4 {[%emt 0:00:33]} Ra1+ {[%emt 0:00:07]} 37. Kb2 {[%emt 0:00:08]} Qc1# {[%emt 0:00:07] Qc4} 0-1